000
00205 a2200097 4500
001
1775
100
_a
Stryker, P.
245
_a
Modern Management methods
260
_a
_b
Mcgrawhill
_c
090
_c
1310
_d
1310
942
_a
NUST-CAE
_c
M
_c
3448
999
_c
236848
_d
236848